00351nam a22001457a 4500003000700000005001700007008004100024082002300065100003600088245001600124260003100140300000800171490002100179650000500200MPLRDC20220104124032.0210129b ||||| |||| 00| 0 eng d a889 LMSJ v.121 c.3 a贝蒂. 尼尔斯著; 白雪译 a俏护士c ab骏马文化公司c1983 b平 a罗曼史集;121 a